Familiengesellschaft und elterliche Gewalt
| Main Author: | |
|---|---|
| Format: | Print Book |
| Language: | German |
| Subito Delivery Service: | Order now. |
| Check availability: | HBZ Gateway |
| WorldCat: | WorldCat |
| Interlibrary Loan: | Interlibrary Loan for the Fachinformationsdienste (Specialized Information Services in Germany) |
| Published: |
Tübingen
Mohr
1968
|
| In: |
Juristische Studien (7)
Year: 1968 |
| Series/Journal: | Juristische Studien
7 |
| Standardized Subjects / Keyword chains: | B
Deutschland (boat, 1866-1875) (Bundesrepublik)
/ Family corporation
/ Parental care
B Family corporation / Parental care B Parental care B Family corporation |
| Further subjects: | B
Parent and child (Law)
Germany (West)
B Thesis B Family corporations Germany (West) |
MARC
| LEADER | 00000cam a2200000 c 4500 | ||
|---|---|---|---|
| 001 | 1072611589 | ||
| 003 | DE-627 | ||
| 005 | 20251224214916.0 | ||
| 007 | tu | ||
| 008 | 951026s1968 gw ||||| m 00| ||ger c | ||
| 016 | 7 | |a 457665912 |2 DE-101 | |
| 035 | |a (DE-627)1072611589 | ||
| 035 | |a (DE-576)002611589 | ||
| 035 | |a (DE-599)BSZ002611589 | ||
| 035 | |a (OCoLC)10600859 | ||
| 035 | |a (OCoLC)10600859 | ||
| 035 | |a (OCoLC)611761560 | ||
| 035 | |a (AT-OBV)AC01964386 | ||
| 035 | |a (DE-604)8056709854 | ||
| 040 | |a DE-627 |b ger |c DE-627 |e rakwb | ||
| 041 | |a ger | ||
| 044 | |c XA-DE | ||
| 050 | 0 | |a LAW | |
| 082 | 0 | |a 340.0943 |q OCLC | |
| 084 | |a 04a |2 sdnb | ||
| 084 | |a 1 |2 ssgn | ||
| 084 | |a PE 380 |2 rvk |0 (DE-625)rvk/135479: | ||
| 084 | |a PD 4840 |2 rvk |0 (DE-625)rvk/135251: | ||
| 100 | 1 | |0 (DE-627)1232340650 |0 (DE-576)162340656 |4 aut |a Nagel, Manfred | |
| 109 | |a Nagel, Manfred |a Nagel, M. | ||
| 191 | |a 1 | ||
| 245 | 1 | 0 | |a Familiengesellschaft und elterliche Gewalt |c von Manfred Nagel |
| 264 | 1 | |a Tübingen |b Mohr |c 1968 | |
| 300 | |a XV, 157 S | ||
| 336 | |a Text |b txt |2 rdacontent | ||
| 337 | |a ohne Hilfsmittel zu benutzen |b n |2 rdamedia | ||
| 338 | |a Band |b nc |2 rdacarrier | ||
| 490 | 1 | |a Juristische Studien |v 7 | |
| 500 | |a Literaturverz. S. [149] - 152) | ||
| 502 | |a Zugl.: Tübingen, Univ., Diss., 1968 | ||
| 583 | 1 | |a Archivierung/Langzeitarchivierung gewährleistet |f PEBW |x XA-DE-BW |2 pdager |5 DE-24 | |
| 583 | 1 | |a Archivierung/Langzeitarchivierung gewährleistet |f SSG |x XA-DE-BW |2 pdager |5 DE-21 | |
| 583 | 1 | |a Archivierung prüfen |c 20240324 |f DE-4165 |z 3 |2 pdager | |
| 583 | 1 | |a Archivierung/Langzeitarchivierung gewährleistet |f DISS |x XA-DE-BW |2 pdager |5 DE-21 | |
| 650 | 0 | |a Family corporations |x Germany (West) | |
| 650 | 0 | |a Parent and child (Law) |x Germany (West) | |
| 655 | 7 | |a Hochschulschrift |0 (DE-588)4113937-9 |0 (DE-627)105825778 |0 (DE-576)209480580 |2 gnd-content | |
| 689 | 0 | 0 | |d g |0 (DE-588)4011889-7 |0 (DE-627)104732423 |0 (DE-576)208896201 |2 gnd |a Deutschland |g Bundesrepublik |
| 689 | 0 | 1 | |d s |0 (DE-588)4016414-7 |0 (DE-627)106333283 |0 (DE-576)208915877 |2 gnd |a Familiengesellschaft |
| 689 | 0 | 2 | |d s |0 (DE-588)4070784-2 |0 (DE-627)104774657 |0 (DE-576)209181990 |2 gnd |a Elterliche Sorge |
| 689 | 0 | |5 DE-101 | |
| 689 | 1 | 0 | |d s |0 (DE-588)4016414-7 |0 (DE-627)106333283 |0 (DE-576)208915877 |2 gnd |a Familiengesellschaft |
| 689 | 1 | 1 | |d s |0 (DE-588)4070784-2 |0 (DE-627)104774657 |0 (DE-576)209181990 |2 gnd |a Elterliche Sorge |
| 689 | 1 | |5 (DE-627) | |
| 689 | 2 | 0 | |d s |0 (DE-588)4070784-2 |0 (DE-627)104774657 |0 (DE-576)209181990 |2 gnd |a Elterliche Sorge |
| 689 | 2 | |5 (DE-627) | |
| 689 | 3 | 0 | |d s |0 (DE-588)4016414-7 |0 (DE-627)106333283 |0 (DE-576)208915877 |2 gnd |a Familiengesellschaft |
| 689 | 3 | |5 (DE-627) | |
| 751 | |a Tübingen |4 uvp | ||
| 830 | 0 | |a Juristische Studien |v 7 |9 7 |w (DE-627)130132438 |w (DE-576)001523546 |w (DE-600)510073-2 |x 0449-4369 |7 am | |
| 889 | |w (DE-627)189440961 | ||
| 935 | |a mteo | ||
| 935 | |i mdedup | ||
| 936 | r | v | |a PE 380 |b Einzeldarstellungen zu übergreifenden Materien, Querschnittsfragen |k Rechtswissenschaft |k Handelsrecht, Gesellschafts- und Unternehmensrecht sowie sonstiges privates Wirtschaftsrecht |k Gesellschafts- und Unternehmensrecht |k Allgemeines |k Einzeldarstellungen zu übergreifenden Materien, Querschnittsfragen |0 (DE-627)1271237741 |0 (DE-625)rvk/135479: |0 (DE-576)201237741 |
| 936 | r | v | |a PD 4840 |b BGB-Gesellschaft |k Rechtswissenschaft |k Bürgerliches Recht, Privatrecht allgemein |k Besondere Schuldverhältnisse |k Sonstige Schuldverhältnisse |k BGB-Gesellschaft |0 (DE-627)1271174499 |0 (DE-625)rvk/135251: |0 (DE-576)201174499 |
| 951 | |a BO | ||
| ELC | |b 1 | ||
| ITA | |a 1 |t 1 | ||
| LOK | |0 000 xxxxxcx a22 zn 4500 | ||
| LOK | |0 001 2465009877 | ||
| LOK | |0 003 DE-627 | ||
| LOK | |0 004 1072611589 | ||
| LOK | |0 005 19990713000000 | ||
| LOK | |0 008 981210||||||||||||||||ger||||||| | ||
| LOK | |0 040 |a DE-21 |c DE-627 |d DE-21 | ||
| LOK | |0 852 |a DE-21 | ||
| LOK | |0 852 1 |c 8 A 3343 |9 00 | ||
| LOK | |0 935 |a kram |a konv | ||
| LOK | |0 939 |a 10-12-98 |b l01 | ||
| LOK | |0 000 xxxxxcx a22 zn 4500 | ||
| LOK | |0 001 2465009885 | ||
| LOK | |0 003 DE-627 | ||
| LOK | |0 004 1072611589 | ||
| LOK | |0 005 20050621000000 | ||
| LOK | |0 008 050620||||||||||||||||ger||||||| | ||
| LOK | |0 040 |a DE-21 |c DE-627 |d DE-21 | ||
| LOK | |0 852 |a DE-21 | ||
| LOK | |0 852 1 |c US 68.6314 |9 00 | ||
| LOK | |0 866 |x Rechts- und Wirtschaftswiss. Fak. | ||
| LOK | |0 935 |a tdis |a pro7 |a konv | ||
| LOK | |0 939 |a 20-06-05 |b l02 | ||
| LOK | |0 000 xxxxxcx a22 zn 4500 | ||
| LOK | |0 001 2465009907 | ||
| LOK | |0 003 DE-627 | ||
| LOK | |0 004 1072611589 | ||
| LOK | |0 005 20100408012157 | ||
| LOK | |0 008 990223||||||||||||||||ger||||||| | ||
| LOK | |0 040 |a DE-21-31 |c DE-627 |d DE-21-31 | ||
| LOK | |0 541 |e 1968/8134 (CG) | ||
| LOK | |0 852 |a DE-21-31 | ||
| LOK | |0 852 1 |c Mo V 19 |m p |9 00 | ||
| LOK | |0 938 |k p | ||
| LOK | |0 939 |a 23-02-99 |b l01 | ||
| LOK | |0 000 xxxxxcx a22 zn 4500 | ||
| LOK | |0 001 2465009915 | ||
| LOK | |0 003 DE-627 | ||
| LOK | |0 004 1072611589 | ||
| LOK | |0 005 20140122135918 | ||
| LOK | |0 008 970520||||||||||||||||ger||||||| | ||
| LOK | |0 040 |a DE-21-24 |c DE-627 |d DE-21-24 | ||
| LOK | |0 541 |e 68/2944 | ||
| LOK | |0 689 |a s |a Familiengesellschaft (u. Elterliche Gewalt) | ||
| LOK | |0 689 |a s |a Elterliche Gewalt (u. Familiengesellschaft) | ||
| LOK | |0 852 |a DE-21-24 | ||
| LOK | |0 852 1 |c E,IVf,238 |m p |9 00 | ||
| LOK | |0 935 |a ALEH | ||
| LOK | |0 936ln |a E,IVf, | ||
| LOK | |0 938 |k p | ||
| LOK | |0 939 |a 20-05-97 |b l01 | ||
| LOK | |0 000 xxxxxcx a22 zn 4500 | ||
| LOK | |0 001 2635438382 | ||
| LOK | |0 003 DE-627 | ||
| LOK | |0 004 1072611589 | ||
| LOK | |0 005 20171206094534 | ||
| LOK | |0 008 970520||||||||||||||||ger||||||| | ||
| LOK | |0 040 |a DE-21-24 |c DE-627 |d DE-21-24 | ||
| LOK | |0 541 |e o.Z. | ||
| LOK | |0 689 |a s |a Familiengesellschaft (u. Elterliche Gewalt) | ||
| LOK | |0 689 |a s |a Elterliche Gewalt (u. Familiengesellschaft) | ||
| LOK | |0 852 |a DE-21-24 | ||
| LOK | |0 852 1 |c Magazindiss. 1095 |m p |9 00 | ||
| LOK | |0 852 2 |b Magazin |9 00 | ||
| LOK | |0 935 |a ALEH | ||
| LOK | |0 938 |k p | ||
| LOK | |0 939 |a 20-05-97 |b l02 | ||
| ORI | |a SA-MARC-ixtheoa001.raw | ||
| REL | |a 1 | ||
| STA | 0 | 0 | |a Family corporation,Parental care,Parental custody,Custody |
| STB | 0 | 0 | |a Compagnie familiale,Société familiale,Société familiale,Responsabilité parentale |
| STC | 0 | 0 | |a Patria potestad,Sociedad familiar |
| STD | 0 | 0 | |a Responsabilità genitoriale,Società familiare |
| STE | 0 | 0 | |a 儿童监护权 |
| STF | 0 | 0 | |a 兒童監護權 |
| STG | 0 | 0 | |a Pátrio poder,Sociedade familiar |
| STH | 0 | 0 | |a Родительская забота,Семейное предприятие |
| STI | 0 | 0 | |a Γονική μέριμνα,Γονική επιμέλεια,Οικογενειακή επιχείρηση |
| SUB | |a REL | ||
| SYG | 0 | 0 | |a DDR,Deutsche Demokratische Republik,Germany,Amerikanische Zone Deutschlands,BRD,Britische Zone Deutschlands,Bundesrepublik Deutschland,Französische Zone Deutschlands,Vereinigtes Wirtschaftsgebiet Deutschlands,BRD,Bundesrepublik Deutschland , Vereinigtes Wirtschaftsgebiet,Bizone,Verwaltung des Vereinigten Wirtschaftsgebietes,Französische Zone,Zone Française d'Occupation,Französische Besatzungszone,ZFO,Britische Zone,British occupation zone,Britische Besatzungszone,British Zone of Control,Britisches Kontrollgebiet,British Element,Britisches Element,Sowjetische Zone,Russische Zone,Sowjetische Besatzungszone,Russische Besatzungszone,Sowjetische Besatzungszone Deutschlands,Sowjetische Besatzungszone in Deutschland,Sowjetisch Besetzte Zone,Sowjetzone,Ostzone,SBZ,Länder,Westliche Bundesländer,Alte Bundesländer,Deutschland,Westdeutschland,Deutschland,Westzonen,Westliche Besatzungszonen,Trizone,Amerikanische Zone,American occupation zone,Amerikanische Besatzungszone,ABZ,United States Area of Control,Amerikanisches Kontrollgebiet,U.S. zone of occupation,United States Zone,U.S. Zone,US-Zone,Alemanha,Alemania,Allemagne,Almanija,Almāniyā,Bondsrepubliek Duitsland,BRD,BRD,Bundesrepublik Deutschland,Deutschland,Deutschland,Federal Republic of Germany,Förbundsrepubliken Tyskland,Förbundsrepublikken Tyskland,FRG,Germany,Németországi Szövetségi Kőztársaság,Niemiecka Republika Federalna Niemiecka Republika Federalna,NRF,Repubblica Federale di Germania,Republic of Germany,República Federal da Alemanha,República Federal de Alemania,Republik Federasi Djerman,Republika Federalna Niemiec,République Fédérale d'Allemagne,RFN,Saksan Liittotasavalta,Westdeutschland,Deutsche Demokratische Republik,DDR,Deutschland,German Democratic Republic,GDR,République Démocratique Allemande,RDA,Germanskaja Demokratičeskaja Respublika,Demokratičeskaja Respublika,Democratic Republic,Demokratische Republik,Niemiecka Republika Demokratyczna,NRD,Ǧumhūrīyat Almāniyā ad-Dīmuqrāṭīya,República Democrática Alemana,Saksan Demokraattisen Tasavallan,Repubblica Democratica Tedesca,Mitteldeutschland,Ostdeutschland,East Germany,Ostzone,Deutsche Länder,Germany,Heiliges Römisches Reich,Rheinbund,Deutscher Bund,Norddeutscher Bund,Deutsches Reich,Deutschland,Deutschland,BRD,Federal Republic of Germany,Republic of Germany,Allemagne,Ǧumhūrīyat Almāniyā al-Ittiḥādīya,Bundesrepublik Deutschland,BRD,Niemcy,République Fédérale d'Allemagne,Repubblica Federale di Germania,Germanija,Federativnaja Respublika Germanija,FRG,Deyizhi-Lianbang-Gongheguo,Östliche Bundesländer,Neue Bundesländer,Länder,Deutschland,Ostdeutschland,Deutschland,Deutschland , Familienunternehmen , Elterliches Sorgerecht,Sorgerecht,Sorgepflicht,Elterliche Gewalt,Obsorge , Familienunternehmen , Elterliches Sorgerecht,Sorgerecht,Sorgepflicht,Elterliche Gewalt,Obsorge , Elterliches Sorgerecht,Sorgerecht,Sorgepflicht,Elterliche Gewalt,Obsorge , Familienunternehmen |
| TIM | |a 100019490523_100019901002 |b 1949-05-23 - 1990-10-02 | ||



